1514 1744 1192 1607 1232 1218 1698 1600 1213 1568 1731 1022 1038 1430 1586 1809 1460 1660 1320 1133 1124 1880 1035 1842 1855 1512 1736 1810 1761 1907 1125 1446 1267 1238 1372 1140 1723 1318 1499 1006 1569 1940 1052 1078 1989 1160 1700 1700 1713 1555 1310 1581 1715 1791 1058 1567 1315 1933 1254 1180 1996 1356 1947 1663 1995 1744 1914 1337 1223 1842 1925 1910 1914 1607 1853 1411 1128 1543 1824 1735 1425 1121 1804 1967 1586 1309 1216 1751 1060 1298 1146 1761 1476 1349 1510 1117 1562 1273 1698 BCNSPRNW ULIB Ver.6.0+V

เปลี่ยนเป็นภาษาไทย

Change to English
 แสดงรายละเอียดบรรณานุกรม
  กลับหน้าหลัก

Brief Record : Get Marc (ISO 2709) : E-mail record : QR code < ปิดหน้าต่าง
LEADER : 00000nam 2200000uu 4500
001    13399113189
003     ULIB
008    111003s2550||||th 000 0 tha d
020    9746552902
050  4 QA101^bบ174ค 2550
100 0  บรรเทิง แก่นสาร
245 00 คณิตศาสตร์ทั่วไป =^bGeneral mathematics /^cบรรเทิง แก่นสาร, ธัญกร ขุนทอง, พิมพ์พร ฟองหลำ
246 31 General mathematics
250    พิมพ์ครั้งที่ 1
260    กรุงเทพฯ :^bศูนย์เทคโนโลยีทางการศึกษา ฝ่ายเทคโนโลยีมหาวิทยาลัยศรีปทุม,^c2550
300    499 หน้า :^bภาพประกอบ ;^c26 ซม.
650  4 คณิตศาสตร์
650  4 คณิตศาสตร์^xการศึกษาและการสอน (มัธยมศึกษา)
700 0  ธัญกร ขุนทอง
700 0  พิมพ์พร ฟองหลำ
710 2  มหาวิทยาลัยศรีปทุม. ^bฝ่ายเทคโนโลยี.^bศูนย์เทคโนโลยีทางการศึกษา
945    ^p220^l0^i021667
945    ^p220^l0^i021668
995    ทศพร
999 ^a ทศพร
รายการนี้ยังไม่มีแท็ก
คุณยังไม่ได้ล็อกอิน คุณสามารถมีกิจกรรมร่วมกับเว็บไซต์ได้ แต่ต้องล็อกอินก่อน ::
  ล็อกอิน

รายการสื่อสารสนเทศ

ลำดับที่ ประเภท เลขเรียก/บาร์โค้ด สถานที่ สถานะ
- ไม่พบข้อมูล -

รายการใกล้เคียง
    ผู้แต่ง [บรรเทิง แก่นสาร]

    หัวเรื่อง [คณิตศาสตร์]

BibComment


ยังไม่เคยถูกคอมเมนท์

คอมเมนท์ทรัพยากรรายการนี้
  คอมเมนท์: คณิตศาสตร์ทั่วไป ..


 Copyright 2026. Bcnsprnw @Library